000 00696nam a22002057a 4500
005 20130501114313.0
010 _aENG-106935
020 _a9780198089629
_c295.00
020 _a0198089627
_c295.00
035 _aEN-90468
037 _bDBAD/PUB
100 _aBhattathiripad, V.T.
245 _aMy tears , my dreams :
_cby V.T. Bhattathiripad ; edited by Mini Krishnan; translated from Malayalam by Sindhu V. Nair
_bkanneerum kinaavum /
260 _aNew Delhi
_bOxford University Press
_c2013
270 _aYMCA Library Building, 1 Jai Singh Road
_bNew Delhi
_e110001
300 _axxxvi,109p.
_c23cm(Hb)
700 1 _aMini Krishnan
_d1960-
700 1 _aNair, Sindhu V.
942 _2ddc
_cEN
_mBHA
999 _c74931
_d74931